[Event "Olympiad-43"]
[Site "Batumi"]
[Date "2018.09.30"]
[Round "6.47"]
[White "Gumpo, Thabo"]
[Black "Hifad, Rachid"]
[Result "1/2-1/2"]
[WhiteElo "2059"]
[BlackElo "2174"]
[PlyCount "60"]
[EventDate "2018.09.24"]
[EventType "team-swiss"]
[EventRounds "11"]
[EventCountry "GEO"]
[SourceTitle "CBM 187"]
[Source "ChessBase"]
[SourceDate "2018.12.11"]
[SourceVersion "1"]
[SourceVersionDate "2018.12.11"]
[SourceQuality "1"]
[WhiteTeam "Botswana"]
[BlackTeam "Morocco"]
[WhiteTeamCountry "BOT"]
[BlackTeamCountry "MAR"]

1. e4 c5 2. b3 Nf6 3. e5 Nd5 4. Bb2 Nc6 5. Nf3 e6 6. Nc3 Nxc3 7. Bxc3 d5 8. exd6 Qxd6 9. Bc4 Bd7 10. 0-0 0-0-0 11. d4 f6 12. d5 exd5 13. Qxd5 Qf4 14. Qf7 Be8 15. Qe6+ Bd7 16. Qf7 Be8 17. Qe6+ Kc7 18. Rad1 Nd4 19. Bxd4 cxd4 20. Rxd4 Rxd4 21. Nxd4 Bd6 22. Nf3 Bc6 23. Qf7+ Kb6 24. Bd5 Rf8 25. Qe6 Re8 26. Qf7 Re7 27. Qg8 Re8 28. Qf7 Re7 29. Qg8 Re8 30. Qf7 Re7 1/2-1/2

[Event "Agadir zt 4.1"]
[Site "Agadir"]
[Date "2016.05.29"]
[Round "7"]
[White "Arbouche, Muhamed"]
[Black "Hifad, Rachid"]
[Result "1-0"]
[WhiteElo "2173"]
[BlackElo "2203"]
[PlyCount "48"]
[EventDate "2016.05.24"]
[EventType "swiss"]
[EventRounds "9"]
[EventCountry "MAR"]
[SourceTitle "CBM 172 Extra"]
[Source "ChessBase"]
[SourceDate "2016.06.21"]
[SourceVersion "1"]
[SourceVersionDate "2016.06.21"]
[SourceQuality "1"]

1. d4 Nf6 2. Bg5 c5 3. Bxf6 gxf6 4. d5 Qb6 5. Qc1 h5 6. e3 d6 7. Nd2 Qa5 8. a4 e6 9. e4 f5 10. c3 Bh6 11. Qc2 fxe4 12. Nxe4 Ke7 13. dxe6 fxe6 14. Nf3 Nc6 15. Bb5 Nd4 16. Nxd4 cxd4 17. Qd3 d5 18. Ng3 dxc3 19. 0-0 cxb2 20. Qb3 Kf6 21. Qxb2+ Ke7 22. Rfe1 Rg8 23. Nf5+ Kd8 24. Qf6+ Kc7 1-0

[Event "Agadir zt 4.1"]
[Site "Agadir"]
[Date "2016.05.25"]
[Round "2"]
[White "Hifad, Rachid"]
[Black "Bengherabi, Khalil"]
[Result "0-1"]
[WhiteElo "2203"]
[BlackElo "2280"]
[PlyCount "65"]
[EventDate "2016.05.24"]
[EventType "swiss"]
[EventRounds "9"]
[EventCountry "MAR"]
[SourceTitle "CBM 172 Extra"]
[Source "ChessBase"]
[SourceDate "2016.06.21"]
[SourceVersion "1"]
[SourceVersionDate "2016.06.21"]
[SourceQuality "1"]

1. d4 d5 2. Nf3 Nf6 3. e3 e6 4. Bd3 Nbd7 5. 0-0 Bd6 6. c4 c6 7. Nc3 0-0 8. e4 dxc4 9. Bxc4 e5 10. a4 Qe7 11. Bg5 exd4 12. Qxd4 Ne5 13. Nxe5 Bxe5 14. Qe3 Qb4 15. Bxf6 Bxf6 16. e5 Bd8 17. Bd3 Re8 18. a5 Bxa5 19. Ra4 Qb6 20. Bxh7+ Kxh7 21. Rh4+ Kg8 22. Qg5 Bxc3 23. Qh5 Kf8 24. bxc3 Be6 25. Rd4 Bd5 26. Qh8+ Ke7 27. Qxg7 Rg8 28. Qf6+ Ke8 29. g3 Qd8 30. Qf5 Qg5 31. Qb1 b5 32. Re1 Qh5 33. Re3 0-1

[Event "Arab Clubs-chT"]
[Site "Agadir"]
[Date "2015.10.17"]
[Round "6.2"]
[White "Hifad, Rachid"]
[Black "Ezat, Mohamed Mahmoud"]
[Result "0-1"]
[WhiteElo "2210"]
[BlackElo "2468"]
[PlyCount "68"]
[EventDate "2015.10.13"]
[EventType "team-swiss"]
[EventRounds "9"]
[EventCountry "MAR"]
[SourceTitle "CBM 170 Extra"]
[Source "ChessBase"]
[SourceDate "2016.02.25"]
[SourceVersion "1"]
[SourceVersionDate "2016.02.25"]
[SourceQuality "1"]
[WhiteTeam "Raja Casa"]
[BlackTeam "Sharkia Dokhan"]
[WhiteTeamCountry "MAR"]
[BlackTeamCountry "EGY"]

1. d4 Nf6 2. c4 g6 3. Nc3 Bg7 4. e4 d6 5. Nf3 0-0 6. Be2 e5 7. 0-0 Nc6 8. d5 Ne7 9. Ne1 Nd7 10. Nd3 f5 11. Bd2 Nf6 12. f3 f4 13. c5 g5 14. Rc1 Ng6 15. Nb5 Rf7 16. Ba5 b6 17. cxb6 cxb6 18. Be1 a6 19. Na3 b5 20. Nb4 g4 21. Nc6 Qf8 22. Nc2 Bh6 23. a4 Bg5 24. axb5 axb5 25. Ra1 Rxa1 26. Qxa1 Qh6 27. Qa8 Rf8 28. Qa3 g3 29. hxg3 Nh5 30. gxf4 Bxf4 31. Qxd6 Ng3 32. Bd3 Qh1+ 33. Kf2 Qh4 34. Kg1 Ne2+ 0-1

[Event "Olympiad-41"]
[Site "Tromsoe"]
[Date "2014.08.12"]
[Round "10.3"]
[White "Hifad, Rachid"]
[Black "Berg, Olaf"]
[Result "0-1"]
[WhiteElo "2311"]
[BlackElo "2320"]
[PlyCount "70"]
[EventDate "2014.08.02"]
[EventType "team-swiss"]
[EventRounds "11"]
[EventCountry "NOR"]
[SourceTitle "CBM 162"]
[Source "ChessBase"]
[SourceDate "2014.09.17"]
[SourceVersion "1"]
[SourceVersionDate "2014.09.17"]
[SourceQuality "1"]
[WhiteTeam "Morocco"]
[BlackTeam "Faroe Islands"]
[WhiteTeamCountry "MAR"]
[BlackTeamCountry "FAI"]

1. d4 d5 2. c4 e6 3. Nc3 Nf6 4. cxd5 exd5 5. Bg5 Nbd7 6. e3 c6 7. Bd3 h6 8. Bh4 Be7 9. Nge2 0-0 10. 0-0 Re8 11. h3 Nf8 12. Rb1 a5 13. a3 Ne6 14. b4 axb4 15. axb4 b5 16. Qc2 Nh5 17. Bxe7 Qxe7 18. Rfe1 Ng5 19. Bf5 Bxf5 20. Qxf5 g6 21. Qc2 Qe6 22. Kh2 Ra3 23. Ra1 Qd6+ 24. Kh1 Qxb4 25. h4 Ne6 26. Rxa3 Qxa3 27. e4 Qe7 28. g3 Qf6 29. Kg2 Nxd4 30. Nxd4 Qxd4 31. Rd1 Qc4 32. Qc1 b4 33. exd5 bxc3 34. d6 Qe4+ 35. Kg1 c2 0-1

[Event "Olympiad-41"]
[Site "Tromsoe"]
[Date "2014.08.08"]
[Round "6.4"]
[White "Al Khattab, Ghassan M Ali Ajmed"]
[Black "Hifad, Rachid"]
[Result "0-1"]
[WhiteElo "2140"]
[BlackElo "2311"]
[PlyCount "54"]
[EventDate "2014.08.02"]
[EventType "team-swiss"]
[EventRounds "11"]
[EventCountry "NOR"]
[SourceTitle "CBM 162"]
[Source "ChessBase"]
[SourceDate "2014.09.17"]
[SourceVersion "1"]
[SourceVersionDate "2014.09.17"]
[SourceQuality "1"]
[WhiteTeam "Iraq"]
[BlackTeam "Morocco"]
[WhiteTeamCountry "IRQ"]
[BlackTeamCountry "MAR"]

1. e4 c5 2. Nf3 d6 3. d4 cxd4 4. Nxd4 Nf6 5. Nc3 a6 6. Bg5 e6 7. Be2 Be7 8. Qd2 Qc7 9. 0-0 0-0 10. f4 Nbd7 11. f5 e5 12. Nb3 b5 13. a3 Bb7 14. Bf3 Rac8 15. Be3 Rfe8 16. g4 h6 17. h4 d5 18. exd5 e4 19. Bf4 Bd6 20. Bd1 Bxf4 21. Qxf4 Ne5 22. g5 hxg5 23. hxg5 Nxd5 24. Nxd5 Bxd5 25. Qe3 Nf3+ 26. Bxf3 Qg3+ 27. Kh1 exf3 0-1

[Event "Arab Clubs-chT"]
[Site "Marrakesh"]
[Date "2014.05.29"]
[Round "7"]
[White "Hifad, Rachid"]
[Black "Mohannad, Farhan"]
[Result "1/2-1/2"]
[WhiteElo "2313"]
[BlackElo "2324"]
[PlyCount "56"]
[EventDate "2014.05.24"]
[EventType "team-swiss"]
[EventRounds "9"]
[EventCountry "MAR"]
[SourceTitle "EXT 2018"]
[Source "ChessBase"]
[SourceDate "2017.10.13"]
[SourceVersion "1"]
[SourceVersionDate "2017.10.13"]
[SourceQuality "1"]
[WhiteTeam "Raja"]
[BlackTeam "Jordan"]
[WhiteTeamCountry "MAR"]
[BlackTeamCountry "JOR"]

1. e4 e6 2. d3 c5 3. Nf3 Nc6 4. Nbd2 g6 5. g3 Bg7 6. Bg2 Nge7 7. 0-0 0-0 8. Re1 d6 9. c3 e5 10. Nc4 h6 11. a4 Be6 12. Qe2 Qd7 13. Nh4 g5 14. Nf3 f5 15. exf5 Bxf5 16. h4 g4 17. Nh2 h5 18. Ne3 d5 19. Nxf5 Nxf5 20. Nf1 Rae8 21. Bg5 Kh8 22. Ne3 Nfd4 23. cxd4 exd4 24. Qd2 dxe3 25. Bxe3 b6 26. Bh6 Qf5 27. Bxg7+ Kxg7 28. Re3 Rxe3 1/2-1/2

[Event "Arab Clubs-chT"]
[Site "Marrakesh"]
[Date "2014.05.26"]
[Round "3"]
[White "Yousry, Salah"]
[Black "Hifad, Rachid"]
[Result "1-0"]
[WhiteElo "2270"]
[BlackElo "2313"]
[PlyCount "151"]
[EventDate "2014.05.24"]
[EventType "team-swiss"]
[EventRounds "9"]
[EventCountry "MAR"]
[SourceTitle "EXT 2018"]
[Source "ChessBase"]
[SourceDate "2017.10.13"]
[SourceVersion "1"]
[SourceVersionDate "2017.10.13"]
[SourceQuality "1"]
[WhiteTeam "Club Houar"]
[BlackTeam "Raja"]
[WhiteTeamCountry "EGY"]
[BlackTeamCountry "MAR"]

1. e4 e6 2. d4 d5 3. exd5 exd5 4. c4 Nf6 5. Nc3 dxc4 6. Bxc4 Bd6 7. Nf3 0-0 8. 0-0 a6 9. Bg5 Bf5 10. Re1 h6 11. Bh4 Nc6 12. Ne5 Na5 13. Bf1 c5 14. dxc5 Bxc5 15. Qf3 Qc8 16. Bxf6 gxf6 17. Bd3 Bxd3 18. Nxd3 Bd4 19. Nd5 Nc6 20. Nxf6+ Kg7 21. Nh5+ Kh7 22. Rac1 Qd8 23. Qf5+ Kh8 24. Ng3 Bg7 25. Qf3 Rb8 26. Nf5 Nd4 27. Nxd4 Qxd4 28. b3 b5 29. Nc5 Ra8 30. Qf5 Rfd8 31. Ne4 Rd5 32. Qf3 Rad8 33. h3 Qa7 34. Nf6 Rg5 35. Rcd1 Rf8 36. Nd7 Rg8 37. Kf1 Qa8 38. Qxa8 Rxa8 39. g4 b4 40. Nb6 Ra7 41. Nc4 Rg6 42. Rd5 a5 43. Rb5 Bc3 44. Re8+ Kg7 45. Ne3 Rga6 46. Nd5 Rd6 47. Nxc3 bxc3 48. Rc5 Rd1+ 49. Re1 Rd2 50. Re2 Rd3 51. Re3 Rd2 52. a4 c2 53. Kg2 Rb7 54. Rec3 Rd1 55. Rxc2 Rxb3 56. Rxa5 Rd7 57. Rc6 Rb2 58. Rh5 Ra2 59. a5 Rdd2 60. Rf5 Rd7 61. a6 Re7 62. Rff6 Ree2 63. Kg3 Ra3+ 64. Rf3 Rxf3+ 65. Kxf3 Ra2 66. Kg3 Ra3+ 67. f3 Ra4 68. Rb6 Ra5 69. Kf4 Ra3 70. Ke4 Ra5 71. Kd4 Ra3 72. Kd5 Rxf3 73. Kc6 Rxh3 74. a7 Ra3 75. Kb7 Ra1 76. a8Q 1-0

[Event "Africa-ch op"]
[Site "Tunis"]
[Date "2013.05.22"]
[Round "5"]
[White "Hifad, Rachid"]
[Black "Taieb, Sahbi"]
[Result "1-0"]
[WhiteElo "2304"]
[BlackElo "2134"]
[PlyCount "103"]
[EventDate "2013.05.18"]
[EventType "swiss"]
[EventRounds "9"]
[EventCountry "TUN"]
[SourceTitle "CBM 154 Extra"]
[Source "ChessBase"]
[SourceDate "2013.06.25"]
[SourceVersion "2"]
[SourceVersionDate "2013.06.25"]
[SourceQuality "1"]

1. e4 c5 2. Nf3 e6 3. d3 Nc6 4. g3 g6 5. Bg2 Bg7 6. 0-0 Nge7 7. c3 d6 8. Nh4 0-0 9. f4 f5 10. a4 Rb8 11. Be3 Qb6 12. Na3 Qc7 13. Nb5 Qd8 14. Nf3 a6 15. Na3 b5 16. axb5 axb5 17. e5 dxe5 18. fxe5 Nxe5 19. Nxe5 Bxe5 20. Bxc5 Qc7 21. d4 Bd6 22. b4 Bd7 23. Nc2 Bxc5 24. dxc5 Bc6 25. Qd6 Qxd6 26. cxd6 Nd5 27. Nd4 Bd7 28. Bxd5 exd5 29. Ra7 Rf7 30. Nf3 Re8 31. Rc7 h6 32. Ra1 f4 33. Raa7 fxg3 34. Rxd7 Rxf3 35. Rg7+ Kf8 36. Rh7 gxh2+ 37. Kxh2 Kg8 38. Rag7+ Kf8 39. d7 Rd8 40. Rh8+ Kxg7 41. Rxd8 Rf7 42. Rg8+ Kxg8 43. d8Q+ Kg7 44. Qxd5 Rf5 45. Qd4+ Kf7 46. c4 bxc4 47. Qxc4+ Ke7 48. Qc7+ Kf6 49. b5 Rh5+ 50. Kg3 Rg5+ 51. Kf3 Rf5+ 52. Ke3 1-0

[Event "Africa-ch op"]
[Site "Tunis"]
[Date "2013.05.21"]
[Round "4"]
[White "Solomon, Kenny"]
[Black "Hifad, Rachid"]
[Result "1-0"]
[WhiteElo "2406"]
[BlackElo "2304"]
[PlyCount "104"]
[EventDate "2013.05.18"]
[EventType "swiss"]
[EventRounds "9"]
[EventCountry "TUN"]
[SourceTitle "CBM 154 Extra"]
[Source "ChessBase"]
[SourceDate "2013.06.25"]
[SourceVersion "2"]
[SourceVersionDate "2013.06.25"]
[SourceQuality "1"]

1. d4 Nf6 2. c4 g6 3. Nc3 Bg7 4. e4 d6 5. Nf3 0-0 6. h3 e5 7. d5 Kh8 8. Bg5 Qd7 9. g4 a5 10. Bd3 Na6 11. a3 Ng8 12. Bc2 Qe8 13. Rg1 Bd7 14. Nd2 Nc5 15. b4 axb4 16. axb4 Na6 17. Rb1 Ne7 18. Nf1 f6 19. Be3 f5 20. f3 Bf6 21. g5 Bg7 22. h4 fxe4 23. fxe4 Nc8 24. c5 Nb8 25. Ra1 Rxa1 26. Qxa1 Na6 27. Qa5 Bh3 28. Nd2 dxc5 29. bxc5 Qe7 30. Rg3 Bd7 31. Bd3 c6 32. Bxa6 bxa6 33. Qxa6 Be8 34. Qxc8 cxd5 35. Nxd5 Qa7 36. Rf3 Rg8 37. Qh3 Bd7 38. Qf1 Be6 39. Qb5 Qa2 40. Qb3 Qa1+ 41. Qb1 Qa4 42. Qd1 Qa2 43. Qb3 Qa1+ 44. Nb1 Qa5+ 45. Kf2 Bg4 46. Nf6 Bxf6 47. Rxf6 Qa8 48. Qd5 Qa1 49. Qb7 Qa4 50. Kg3 Bc8 51. Qb8 Qd7 52. Kf2 Re8 1-0

[Event "Nouakchott zt 4.1"]
[Site "Nouakchott"]
[Date "2013.03.31"]
[Round "4"]
[White "Haddouche, Mohamed Amine"]
[Black "Hifad, Rachid"]
[Result "1-0"]
[WhiteElo "2464"]
[BlackElo "2290"]
[PlyCount "89"]
[EventDate "2013.03.29"]
[EventType "swiss"]
[EventRounds "9"]
[EventCountry "MAU"]
[SourceTitle "EXT 2015"]
[Source "ChessBase"]
[SourceDate "2014.11.20"]
[SourceVersion "1"]
[SourceVersionDate "2014.11.20"]
[SourceQuality "1"]

1. e4 c5 2. Nf3 d6 3. d4 cxd4 4. Qxd4 a6 5. h3 Nc6 6. Qe3 Nf6 7. c4 g6 8. Be2 Bg7 9. 0-0 0-0 10. Nc3 Be6 11. Rd1 Nb4 12. Rb1 Qc7 13. b3 b5 14. a3 Nc6 15. cxb5 axb5 16. Nxb5 Qb7 17. Bb2 Na5 18. Nfd4 Bd7 19. b4 e5 20. Nxd6 exd4 21. Qxd4 Qc7 22. bxa5 Qxa5 23. e5 Nh5 24. Nc4 Qa6 25. Qxd7 Nf4 26. Bf1 Ra7 27. Qd6 Qa4 28. Qb4 Qc2 29. Ne3 Qa4 30. Qxa4 Rxa4 31. Bb5 Re4 32. Bc6 Rxe5 33. Bxe5 Bxe5 34. Kf1 Rc8 35. Bd5 Rc7 36. g3 Nxh3 37. Rb7 Rc3 38. Rxf7 Kh8 39. Ng4 Bg7 40. Rb1 Rc8 41. Rbb7 Ng5 42. Rxg7 Rf8 43. f4 h5 44. Ne5 Rf6 45. Rg8# 1-0

[Event "Nouakchott zt 4.1"]
[Site "Nouakchott"]
[Date "2013.03.30"]
[Round "3"]
[White "Hifad, Rachid"]
[Black "Hemam, Moulaye Brahim"]
[Result "1-0"]
[WhiteElo "2290"]
[BlackElo "2076"]
[PlyCount "69"]
[EventDate "2013.03.29"]
[EventType "swiss"]
[EventRounds "9"]
[EventCountry "MAU"]
[SourceTitle "EXT 2015"]
[Source "ChessBase"]
[SourceDate "2014.11.20"]
[SourceVersion "1"]
[SourceVersionDate "2014.11.20"]
[SourceQuality "1"]

1. e4 c5 2. Nc3 Nc6 3. g3 e6 4. Bg2 Nf6 5. Nge2 Be7 6. 0-0 a6 7. d3 Rb8 8. Re1 b5 9. Nf4 Ne5 10. b3 Bb7 11. Bb2 d6 12. h4 h5 13. Qe2 Qc7 14. Nd1 Rc8 15. c3 Neg4 16. a4 Ne5 17. axb5 axb5 18. d4 cxd4 19. cxd4 Ned7 20. Ra7 Qb6 21. Rxb7 Qxb7 22. e5 d5 23. exf6 Nxf6 24. Ne3 Kf8 25. Bh3 Rc7 26. Bxe6 fxe6 27. Nxe6+ Kf7 28. Nxc7 Qxc7 29. Nxd5 Nxd5 30. Qe6+ Kf8 31. Qxd5 b4 32. Bc1 Qd6 33. Qf5+ Bf6 34. Bf4 Qxd4 35. Qg6 1-0

[Event "Arab Games"]
[Site "Doha"]
[Date "2011.12.17"]
[Round "5"]
[White "Salih, Akar Ali Salih"]
[Black "Hifad, Rachid"]
[Result "1/2-1/2"]
[WhiteElo "2186"]
[BlackElo "2262"]
[PlyCount "115"]
[EventDate "2011.12.13"]
[EventType "team-swiss"]
[EventRounds "9"]
[EventCountry "QAT"]
[SourceTitle "CBM 145 Extra"]
[Source "ChessBase"]
[SourceDate "2012.01.03"]
[SourceVersion "1"]
[SourceVersionDate "2012.01.03"]
[SourceQuality "1"]
[WhiteTeam "Iraq"]
[BlackTeam "Morocco"]
[WhiteTeamCountry "IRQ"]
[BlackTeamCountry "MAR"]

1. e4 c5 2. Nf3 d6 3. d4 cxd4 4. Nxd4 Nf6 5. Nc3 g6 6. Be3 Bg7 7. f3 0-0 8. Qd2 Nc6 9. Bc4 Bd7 10. 0-0-0 Rb8 11. Bb3 Na5 12. h4 b5 13. Kb1 Nc4 14. Bxc4 bxc4 15. Ka1 Re8 16. h5 Qa5 17. hxg6 fxg6 18. g4 Rf8 19. Bh6 Qb6 20. Qc1 Bxh6 21. Rxh6 Rf7 22. g5 Nh5 23. Nd5 Qc5 24. Nf5 Re8 25. Rxh5 Bxf5 26. Rh6 Be6 27. f4 Bxd5 28. Rxd5 Qf2 29. f5 Rg7 30. fxg6 Rxg6 31. Rxg6+ hxg6 32. e5 Qg2 33. Rd1 dxe5 34. Rg1 Qf2 35. Rf1 Qd4 36. c3 Qd3 37. Rd1 Qe4 38. Re1 Qf4 39. Qd1 Rf8 40. Qd5+ Kg7 41. a4 Rf5 42. Qa8 Rxg5 43. Qxa7 Qf6 44. Qc7 Qe6 45. Re4 Rf5 46. a5 Kf7 47. Qxc4 Qxc4 48. Rxc4 Ke6 49. a6 Rf8 50. b4 Kd5 51. Rg4 e4 52. b5 e3 53. Rg2 Kc5 54. Re2 Kxb5 55. Rxe3 Kxa6 56. Rxe7 Rg8 57. Re4 g5 58. Rg4 1/2-1/2

[Event "Africa zt 4.1"]
[Site "Tipaza"]
[Date "2011.05.28"]
[Round "9"]
[White "Hifad, Rachid"]
[Black "Nassr, Ali"]
[Result "1-0"]
[WhiteElo "2274"]
[BlackElo "1850"]
[PlyCount "53"]
[EventDate "2011.05.21"]
[EventType "swiss"]
[EventRounds "9"]
[EventCountry "ALG"]
[SourceTitle "CBM 142 Extra"]
[Source "ChessBase"]
[SourceDate "2011.06.27"]
[SourceVersion "1"]
[SourceVersionDate "2011.06.27"]
[SourceQuality "1"]

1. Nf3 Nf6 2. g3 d5 3. Bg2 e6 4. 0-0 Be7 5. c4 0-0 6. b3 b6 7. Bb2 Bb7 8. cxd5 Bxd5 9. Nc3 Bb7 10. d4 Nbd7 11. Qd3 c5 12. Rfd1 Qc8 13. Rac1 Bc6 14. e4 cxd4 15. Nxd4 Bb7 16. a3 Ne5 17. Qe2 Qb8 18. Ncb5 Bc5 19. b4 Bxd4 20. Bxd4 Nc6 21. Bb2 e5 22. f4 Ne8 23. fxe5 Nxe5 24. Nd6 Nxd6 25. Bxe5 Rd8 26. Qg4 g6 27. Qf4 1-0

[Event "Africa zt 4.1"]
[Site "Tipaza"]
[Date "2011.05.26"]
[Round "7"]
[White "Hifad, Rachid"]
[Black "Sabar, Ethmane Daouda"]
[Result "1-0"]
[WhiteElo "2274"]
[BlackElo "2099"]
[PlyCount "117"]
[EventDate "2011.05.21"]
[EventType "swiss"]
[EventRounds "9"]
[EventCountry "ALG"]
[SourceTitle "CBM 142 Extra"]
[Source "ChessBase"]
[SourceDate "2011.06.27"]
[SourceVersion "1"]
[SourceVersionDate "2011.06.27"]
[SourceQuality "1"]

1. e4 e5 2. Nf3 Nc6 3. Bb5 a6 4. Ba4 Nf6 5. 0-0 Be7 6. Re1 b5 7. Bb3 0-0 8. h3 d6 9. c3 Na5 10. Bc2 c5 11. d4 Qc7 12. Nbd2 cxd4 13. cxd4 Nc6 14. Nf1 Nb4 15. Bb1 a5 16. a3 Nc6 17. d5 Nd8 18. Be3 Bd7 19. Bd3 Rc8 20. Ng3 Re8 21. b4 Nb7 22. Qe2 Ra8 23. Rac1 Qb8 24. Bxb5 axb4 25. axb4 Nc5 26. Bxd7 Ncxd7 27. Bd2 Ra2 28. Rc6 g6 29. Rec1 Bf8 30. Qc4 Qa8 31. Rc7 Rb8 32. Kh2 h5 33. Rc2 Ra1 34. Bc3 Ra3 35. Bd2 Nb6 36. Qe2 Qa4 37. R7c6 Rb3 38. Be1 Qa1 39. Ra2 Qb1 40. Ra6 Rb2 41. Nd2 h4 42. Ngf1 Nbd7 43. Rc7 Ra2 44. Qc4 Qxe1 45. Rxa2 Qxf2 46. Nf3 Qb6 47. Rb2 Bh6 48. Rc6 Bf4+ 49. Kh1 Qb7 50. Rxd6 Nh5 51. Rb1 Ndf6 52. b5 Qa7 53. b6 Qa3 54. Rc6 Kg7 55. d6 Ng3+ 56. Nxg3 hxg3 57. Rc7 Rf8 58. b7 Ng4 59. Rxf7+ 1-0

[Event "Africa zt 4.1"]
[Site "Tipaza"]
[Date "2011.05.25"]
[Round "5"]
[White "Hifad, Rachid"]
[Black "Seraoui, Mohcen"]
[Result "1-0"]
[WhiteElo "2274"]
[BlackElo "2099"]
[PlyCount "59"]
[EventDate "2011.05.21"]
[EventType "swiss"]
[EventRounds "9"]
[EventCountry "ALG"]
[SourceTitle "CBM 142 Extra"]
[Source "ChessBase"]
[SourceDate "2011.06.27"]
[SourceVersion "1"]
[SourceVersionDate "2011.06.27"]
[SourceQuality "1"]

1. d4 d6 2. Nf3 g6 3. e4 Bg7 4. c4 e5 5. d5 f5 6. Nc3 Nf6 7. Bd3 0-0 8. Bg5 h6 9. Bxf6 Qxf6 10. Qc2 Na6 11. a3 Nc5 12. b4 Nxd3+ 13. Qxd3 a5 14. 0-0 f4 15. Nd2 g5 16. c5 g4 17. Nb5 Qd8 18. cxd6 cxd6 19. Rac1 axb4 20. axb4 Qb6 21. Nc7 Ra2 22. Ne6 Re8 23. Nc4 Qxb4 24. Rb1 Qa4 25. Nxd6 Ra3 26. Qb5 Qxb5 27. Nxb5 Ra4 28. Nd6 Rxe6 29. dxe6 Bxe6 30. Rxb7 1-0

[Event "Africa zt 4.1"]
[Site "Tipaza"]
[Date "2011.05.22"]
[Round "3"]
[White "Hifad, Rachid"]
[Black "Kaabi, Mejdi"]
[Result "0-1"]
[WhiteElo "2274"]
[BlackElo "2327"]
[PlyCount "80"]
[EventDate "2011.05.21"]
[EventType "swiss"]
[EventRounds "9"]
[EventCountry "ALG"]
[SourceTitle "CBM 142 Extra"]
[Source "ChessBase"]
[SourceDate "2011.06.27"]
[SourceVersion "1"]
[SourceVersionDate "2011.06.27"]
[SourceQuality "1"]

1. e4 c5 2. Nc3 g6 3. g3 Bg7 4. Bg2 Nc6 5. d3 e6 6. Be3 Nd4 7. Nce2 Ne7 8. c3 Nxe2 9. Nxe2 b6 10. 0-0 0-0 11. f4 Bb7 12. g4 f5 13. h3 d5 14. e5 Qd7 15. d4 Rac8 16. Rf2 Rf7 17. Bf1 Kh8 18. Ng3 cxd4 19. Bxd4 fxg4 20. hxg4 Rcf8 21. Qd2 Nc6 22. Re1 Nxd4 23. Qxd4 Qe7 24. Be2 Qc5 25. Ref1 Bh6 26. g5 Bg7 27. Bd3 Rc7 28. Ne2 Rfc8 29. Qa4 d4 30. cxd4 Qd5 31. Rh2 Kg8 32. Qb5 Qd8 33. Qb4 Bxe5 34. fxe5 Qxg5+ 35. Kf2 Rf7+ 36. Ke1 Rc1+ 37. Nxc1 Qxc1+ 38. Ke2 Qxf1+ 39. Kd2 Qf4+ 40. Kc3 Qxh2 0-1

[Event "Amman tt"]
[Site "Amman"]
[Date "2008.06.28"]
[Round "8"]
[White "Hifad, Rachid"]
[Black "Mansour, Sameer"]
[Result "0-1"]
[WhiteElo "2226"]
[BlackElo "2269"]
[PlyCount "58"]
[EventDate "2008.06.21"]
[EventType "team"]
[EventRounds "8"]
[EventCountry "JOR"]
[SourceTitle "CBM 125 Extra"]
[Source "ChessBase"]
[SourceDate "2008.09.01"]
[SourceVersion "1"]
[SourceVersionDate "2008.09.01"]
[SourceQuality "1"]

1. d4 Nf6 2. Nf3 e6 3. g3 c5 4. e3 b6 5. Bg2 Bb7 6. 0-0 Qc7 7. c3 Be7 8. Nbd2 Ne4 9. Re1 0-0 10. Nxe4 Bxe4 11. Bf1 d5 12. Nd2 Bg6 13. Bg2 Nc6 14. f4 Rad8 15. Qe2 f6 16. dxc5 bxc5 17. e4 d4 18. e5 fxe5 19. fxe5 d3 20. Qe3 c4 21. Kh1 Na5 22. Nf3 Bc5 23. Qg5 Rf5 24. Qd2 Rdf8 25. Nd4 Bxd4 26. cxd4 Rf2 27. Qe3 c3 28. bxc3 Qxc3 29. Rb1 Nc4 0-1

[Event "Amman tt"]
[Site "Amman"]
[Date "2008.06.23"]
[Round "3"]
[White "Hifad, Rachid"]
[Black "Khairallah, Faisal"]
[Result "1-0"]
[WhiteElo "2226"]
[BlackElo "2350"]
[PlyCount "71"]
[EventDate "2008.06.21"]
[EventType "team"]
[EventRounds "8"]
[EventCountry "JOR"]
[SourceTitle "CBM 125 Extra"]
[Source "ChessBase"]
[SourceDate "2008.09.01"]
[SourceVersion "1"]
[SourceVersionDate "2008.09.01"]
[SourceQuality "1"]

1. Nf3 Nf6 2. g3 d5 3. Bg2 c6 4. b3 Bf5 5. 0-0 e6 6. d3 h6 7. Bb2 Nbd7 8. Nbd2 Bh7 9. Qe1 Be7 10. e4 0-0 11. e5 Ne8 12. Qe2 Nc7 13. Rae1 a5 14. a3 c5 15. a4 b5 16. Ra1 bxa4 17. Rxa4 Nb6 18. Ra2 a4 19. Rfa1 Qd7 20. Qe1 axb3 21. Nxb3 c4 22. Na5 cxd3 23. cxd3 Bxd3 24. Nd2 Bb4 25. Qe3 Bxd2 26. Qxd2 Bc4 27. Bd4 Bxa2 28. Bxb6 Bc4 29. Rc1 Rxa5 30. Qxa5 Ra8 31. Qc5 Rc8 32. Qd6 Qxd6 33. exd6 Na8 34. Ba5 Ba6 35. Rb1 Bd3 36. d7 1-0

[Event "Amman tt"]
[Site "Amman"]
[Date "2008.06.23"]
[Round "4"]
[White "Saad, Al Sarsam"]
[Black "Hifad, Rachid"]
[Result "1-0"]
[WhiteElo "2388"]
[BlackElo "2226"]
[PlyCount "48"]
[EventDate "2008.06.21"]
[EventType "team"]
[EventRounds "8"]
[EventCountry "JOR"]
[SourceTitle "CBM 125 Extra"]
[Source "ChessBase"]
[SourceDate "2008.09.01"]
[SourceVersion "1"]
[SourceVersionDate "2008.09.01"]
[SourceQuality "1"]

1. d4 Nf6 2. Nf3 c5 3. c3 b6 4. e3 g6 5. Bd3 Bg7 6. 0-0 0-0 7. Re1 d5 8. Nbd2 Nc6 9. dxc5 bxc5 10. e4 e6 11. Bc2 Qc7 12. Nb3 Na5 13. Bg5 Bb7 14. Qc1 Nc4 15. Rb1 Rac8 16. Bf4 Qb6 17. Ne5 Nh5 18. Nxc4 dxc4 19. Nd2 Nxf4 20. Nb3 Nh5 21. Na1 Nf4 22. Qxf4 Qc7 23. Qxc7 Rxc7 24. Ba4 Rd8 1-0